000
00348nam a2200133Ia 4500
008
151021s9999 xx 000 0 und d
020
_a
43
050
_a
PA3559 .S44R3 1984
245
_a
_The Rain God Arturo Islas
260
_a
Califona Alexandrian press 1984
300
_a
180p.
650
_a
_Rain God
980
_a
^d20130515 10:58:38^oanne
999
_c
13291
_d
13291